000 00498nam a2200181#a 4500
001 01547
003 HDC
007 ta
008 230623s2023 xx 000 0 eng d
040 _aHDC
050 _awief HF1610.5
_b .W67 2009
110 _aWorld Islamic Economic Forum
_c Jakarta, Indonesia)."
_d 2009 :
245 0 _a5th World Islamic Economic Forum :
_bforum report : 1-4 March 2009, Jakarta, Indonesia.
942 _2lcc
942 _cBK
942 _kwief HF1610.5
942 _m .W67 2009
999 _c23113
_d23113